Pokračovať v úspešnom vývoji Rokoval Slovenský ústredný výbor ČSZTV

Bibliographic Details
Main Authors: (es) (Author), Eidlpes, Karol (Author)
Format: Article
Language:Slovak
Subjects:

MARC

LEADER 00000nab a2200000 a 4500
001 vtls000027826
003 SK-MaSNL
005 20260303031224.0
008 111103c1979 xo 0 slo
015 |a SNBRB19rr/mm-uuuuu 
035 |a CL0037920 
040 |a SNKBUCL  |b slo  |c SNKBUCL  |e AACR2 
041 0 |a slo 
044 |a xo  |c SK 
080 |a 796.061.2  |2 1981 
100 1 |a (es)  |4 aut  |9 899457 
245 1 0 |a Pokračovať v úspešnom vývoji  |b Rokoval Slovenský ústredný výbor ČSZTV  |c (es) ; Karol Eidlpes 
650 0 7 |a Československý zväz telesnej výchovy  |2 snkbucl  |9 604908 
651 7 |a 5100  |2 snkbucl  |9 166206 
655 7 |a články z novín a časopisov  |2 snkbucl  |9 267496 
700 1 |a Eidlpes, Karol  |4 aut  |9 943946 
773 0 |t Šport  |g Roč. 31, č. 101 (29. 4. 1979), s. 1 a 6 
850 |a Slovenská národná knižnica v Martine  |a MTA001 
852 |a SNK  |b KIS3GCP 
958 |a RK 
992 |a RBX 
999 |c 1656721  |d 1658651